Statistiques concernant Monténégro

Cliquez ici pour prendre le quiz!

Statistiques générales

  • Ce quiz a été pris 66 fois
  • Le résultat moyen est 11 sur 14

Statistiques - réponses

QuestionsRéponses% Correct
Le pays est frontalier de :Serbie
98%
Le pays est frontalier de :Albanie
95%
Le pays est frontalier de :Croatie
93%
Le pays est frontalier de :Bosnie-Herzégovine
92%
JUsqu'en 2003, de quel pays faisait-il partie ?Yougoslavie
90%
Le pays est frontalier de :Kosovo
90%
Dans quel région d'Europe est situé le pays ?Balkans
89%
Quelle est sa capitale ?Podgorica
89%
Quel mer borde le pays ?Adriatique
79%
En quelle année le pays est-il devenu indépendant de la Serbie ?2006
77%
De quelle organisation politico-militaire est-il devenu le 29° membre en 2017 ?Otan
77%
Quelle est la principale langue officielle du pays ?monténégrin
75%
Quelle est sa devise officielle ?euro
64%
Quel est le premier pays a avoir reconnu l'indépendance du pays ?Islande
11%

Distribution des résultats

Percentile par nombre de réponses

% des personnes avec chaque résultat

Votre développement - résultats

Vous n’avez pas pris ce quiz